Platonismo y sufismo : una lectura sufí del mito de la caverna /

Bibliographic Details
Main Author: Delclòs Casas, Jordi (Author)
Format: Electronic eBook
Language:Spanish
Published: Madrid (España) : Mandala Ediciones, 2015.
Series:Colección Blanca (Mandala) ; 30.
Subjects:
Online Access:Digitalia Hispánica

MARC

LEADER 00000nam a2200000Ii 4500
001 DIGULZM0023
003 NyNyDIG
006 m o d
007 cr |||||||||||
008 240108s2015 sp o 000 0 spa d
035 |a (OCoLC)1417820951 
040 |a DGITA  |b eng  |e rda  |e pn  |c DGITA 
020 |a 9788483525920  |q eBook 
020 |z 9788483529751 
050 1 4 |a BP189.68 ebook 
100 1 |a Delclòs Casas, Jordi,  |e author. 
245 1 0 |a Platonismo y sufismo :  |b una lectura sufí del mito de la caverna /  |c Jordi Delclòs. 
264 1 |a Madrid (España) :  |b Mandala Ediciones,  |c 2015. 
300 |a 1 online resource. 
336 |a text  |b txt  |2 rdacontent 
337 |a computer  |b c  |2 rdamedia 
338 |a online resource  |b cr  |2 rdacarrier 
347 |a text file  |2 rdaft 
347 |b EPUB 
490 1 |a Colección Blanca 
588 0 |a Online resource; title from ePub title page (Digitalia, viewed January 8, 2024) 
600 0 0 |a Plato. 
650 0 |a Sufism. 
650 0 |a Religion and science. 
791 2 |a Digitalia (Firm),  |e distributor. 
793 0 |g Digitalia eBook Collection:  |a Ulzama 
776 0 8 |i Print version:  |a Delclòs Casas, Jordi.  |t Platonismo y sufismo.  |d Madrid (España) : Mandala Ediciones, [2014]  |z 9788483529751 
830 0 |a Colección Blanca (Mandala) ;  |v 30. 
856 4 0 |3 Digitalia Hispánica  |u https://www.digitaliapublishing.com/a/88700/ 
910 |a Premium collection: 2024